LEADER 01041nam0-22003011i-450- 001 990001256240403321 005 20040625094217.0 035 $a000125624 035 $aFED01000125624 035 $a(Aleph)000125624FED01 035 $a000125624 100 $a20020001d--------km-y0itay50------ba 101 1$aeng 200 1 $a<>methodes d'approximation variationnelle s dans la theorie des collisions atomiques et dans la physique del piles nucleaires$fde Kahan T and Rideau 210 $aParis$cGauthier-Villars$d1956 225 1 $aMémorial des sciences mathématiques 300 $aCXXXIV vol. 700 1$aKahan,$bThêo$f<1904-1984> 702 1$aKahan,$bThêo$f<1904-1984> 702 1$aRideau , 702 1$aRoussopoulus, 801 0$aIT$bUNINA$gRICA$2UNIMARC 901 $aBK 912 $a990001256240403321 952 $a16-C-134$b6478$fMA1 959 $aMA1 996 $aMethodes d'approximation variationnelle s dans la theorie des collisions atomiques et dans la physique del piles nucleaires$9380854 997 $aUNINA LEADER 01143nam0 2200289 i 450 001 SUN0071560 005 20110110015825.653 010 $a88-453-0867-7 100 $a20090923d1998 |0itac50 ba 101 $aita 102 $aIT 105 $a|||| ||||| 200 1 $aˆIl ‰bilancio di esercizio delle imprese di assicurazione$fLuigi Selleri 210 $aMilano$cEtaslibri$d1998 215 $aXI, 364 p.$d24 cm. 410 1$1001SUN0002341$12001 $aGestione d'impresa$1210 $aMilano$cEtas. 606 $aCompagnie di assicurazione$xBilancio$2FI$3SUNC011741 620 $dMilano$3SUNL000284 676 $a657.83603$v21 700 1$aSelleri$b, Luigi$3SUNV056462$0105427 712 $aEtas$3SUNV000433$4650 801 $aIT$bSOL$c20181109$gRICA 912 $aSUN0071560 950 $aUFFICIO DI BIBLIOTECA DEL DIPARTIMENTO DI ECONOMIA$d03 PREST IIBc22 $e03 28975 995 $aUFFICIO DI BIBLIOTECA DEL DIPARTIMENTO DI ECONOMIA$bIT-CE0106$h28975$kPREST IIBc22$op$qa 996 $aBilancio di esercizio delle imprese di assicurazione$9195141 997 $aUNICAMPANIA